00441nmm a2200145Ia 4500008004100000020001800041041000800059100003200067245005000099264004200149300001800191490001300209650002200222856005100244251105s9999||||xx |||||||||||||||||und|| a9788496290181 aspa aAlarcón, Pedro Antonio de 0aDiario de un testigo de la guerra de África a[Madrid, España] :bLinkgua, c2011 a570 páginas aHistoria aHistory of Africa uhttps://public.digitaliapublishing.com/a/15125